Fiscal decentralization reform in Cambodia : progress over the past decade and opportunities : December 2018 /

Bibliographic Details
Corporate Author: Asian Development Bank, (Author)
Format: eBook
Language:English
Published: Mandaluyong City, Metro Manila, Philippines : Asian Development Bank, 2018.
Subjects:
Online Access:Click to View
LEADER 01695nam a2200373 i 4500
001 EBC5770267
003 MiAaPQ
005 20200520144314.0
006 m o d |
007 cr cnu||||||||
008 190524s2018 ph o 000 0 eng d
020 |z 9789292614867 
020 |a 9789292614874 (e-book) 
035 |a (MiAaPQ)EBC5770267 
035 |a (Au-PeEL)EBL5770267 
035 |a (OCoLC)1101034354 
040 |a MiAaPQ  |b eng  |e rda  |e pn  |c MiAaPQ  |d MiAaPQ 
043 |a a-cb--- 
050 4 |a KNM3526  |b .F573 2018 
082 0 |a 345.596002632  |2 23 
245 0 0 |a Fiscal decentralization reform in Cambodia :  |b progress over the past decade and opportunities : December 2018 /  |c Asian Development Bank. 
264 1 |a Mandaluyong City, Metro Manila, Philippines :  |b Asian Development Bank,  |c 2018. 
300 |a 1 online resource (71 pages) 
336 |a text  |b txt  |2 rdacontent 
337 |a computer  |b c  |2 rdamedia 
338 |a online resource  |b cr  |2 rdacarrier 
588 |a Description based on print version record. 
590 |a Electronic reproduction. Ann Arbor, MI : ProQuest, 2018. Available via World Wide Web. Access may be limited to ProQuest affiliated libraries. 
650 0 |a Finance, Public  |x Law and legislation  |z Cambodia. 
655 4 |a Electronic books. 
710 2 |a Asian Development Bank,  |e author. 
776 0 8 |i Print version:  |t Fiscal decentralization reform in Cambodia : progress over the past decade and opportunities : December 2018.  |d Mandaluyong City, Metro Manila, Philippines : Asian Development Bank, c2018   |h 71 pages   |z 9789292614867 
797 2 |a ProQuest (Firm) 
856 4 0 |u https://ebookcentral.proquest.com/lib/matrademy/detail.action?docID=5770267  |z Click to View